000 00822nam a2200229 a 4500
001 82753
003 BD-RjUL
005 20240123154725.0
008 240123s1958 ii ||||| |||| 00| 0 eng d
035 _a(BD-RjUL)82753
040 _aBD-RjUL
_beng
_cBD-RjUL
041 _aeng
082 _223
_a891.443
_bHAZ 1958
100 _aহক, মোহাম্মদ মোজাম্মেল
_911076
245 _aজোহরা :
_b[ সমাজ-চিত্র ] /
_cমোহাম্মদ মোজাম্মেল হক
250 _a৬ষ্ঠ সং.
260 _aকলিকাতা :
_bনওরোজ লাইব্রেরী,
_c১৯৫৮
300 _a১৬২ পৃ.;
_c১৯ সেমি.
650 _aবাংলা উপন্যাস
650 _aBengali novel
942 _2ddc
_cBK
999 _c82753
_d82753